Environment Management Plan : Volume Two : Annexures (Revised): Steel Authority of India Limited Raw Material Division : Bokaro Zone - Kuteshwar Limestone Mine (Record no. 596763)

MARC details
000 -LEADER
fixed length control field 00782nam a2200145Ia 4500
008 - FIXED-LENGTH DATA ELEMENTS--GENERAL INFORMATION
fixed length control field 100415s9999 xx 000 0 und d
082 ## - DEWEY DECIMAL CLASSIFICATION NUMBER
Item number 13849
Classification number 614.7(5479)
100 ## - MAIN ENTRY--PERSONAL NAME
Personal name ANON
245 ## - TITLE STATEMENT
Title Environment Management Plan : Volume Two : Annexures (Revised): Steel Authority of India Limited Raw Material Division : Bokaro Zone - Kuteshwar Limestone Mine
260 ## - PUBLICATION, DISTRIBUTION, ETC. (IMPRINT)
Place of publication, distribution, etc NAGPUR
Date of publication, distribution, etc 1994
Name of publisher, distributor, etc MINSERVICES NAGPUR
365 ## - TRADE PRICE
Price amount 0
630 ## - SUBJECT ADDED ENTRY--UNIFORM TITLE
Uniform title Environment Management Plan : Volume Two : Annexures (Revised): Steel Authority of India Limited Raw Material Division : Bokaro Zone - Kuteshwar Limestone Mine
730 ## - ADDED ENTRY--UNIFORM TITLE
Uniform title Environment Management Plan : Volume Two : Annexures (Revised): Steel Authority of India Limited Raw Material Division : Bokaro Zone - Kuteshwar Limestone Mine
942 ## - ADDED ENTRY ELEMENTS (KOHA)
Koha item type Book
Holdings
Withdrawn status Lost status Damaged status Not for loan Home library Current library Date acquired Cost, normal purchase price Total Checkouts Full call number Barcode Date last seen Price effective from Koha item type
        Bombay Natural History Society Bombay Natural History Society 02/12/1999 0.00   614.7(5479) 13849 BNHS-13849 04/15/2010 04/15/2010 Book